000
00213 a2200097 4500
001
14121
100
_a
Duff C
245
_a
How to learn a language
260
_a
Oxford
_b
Basic Blackwell
_c
090
_c
11065
_d
11065
942
_a
NUST-CAE
_c
M
_c
1187
999
_c
249194
_d
249194